Digital Fundamentals / (Record no. 17084)
[ view plain ]
| 000 -LEADER | |
|---|---|
| fixed length control field | 00951nam a2200289 a 4500 |
| 001 - CONTROL NUMBER | |
| control field | 014636603 |
| 003 - CONTROL NUMBER IDENTIFIER | |
| control field | Uk |
| 005 - DATE AND TIME OF LATEST TRANSACTION | |
| control field | 20121106150908.0 |
| 008 - FIXED-LENGTH DATA ELEMENTS--GENERAL INFORMATION | |
| fixed length control field | 080530s2009 njua 001 0 eng c |
| 020 ## - INTERNATIONAL STANDARD BOOK NUMBER | |
| International Standard Book Number | 0138146462 (pbk.) : |
| 020 ## - INTERNATIONAL STANDARD BOOK NUMBER | |
| International Standard Book Number | 9780138146467 (pbk) : |
| 082 04 - DEWEY DECIMAL CLASSIFICATION NUMBER | |
| Classification number | 621.3815 |
| Edition number | 22 |
| Item number | FLO |
| 100 1# - MAIN ENTRY--PERSONAL NAME | |
| Personal name | Floyd, Thomas L. |
| 9 (RLIN) | 23350 |
| 245 10 - TITLE STATEMENT | |
| Title | Digital Fundamentals / |
| Statement of responsibility, etc | Thomas L. Floyd. |
| 250 ## - EDITION STATEMENT | |
| Edition statement | International ed., 10th. ed. |
| 260 ## - PUBLICATION, DISTRIBUTION, ETC. (IMPRINT) | |
| Place of publication, distribution, etc | Upper Saddle River, N.J. ; |
| -- | London : |
| Name of publisher, distributor, etc | Pearson Education, |
| Date of publication, distribution, etc | c2009. |
| 300 ## - PHYSICAL DESCRIPTION | |
| Extent | xiv, 865 p. : |
| Other physical details | col. ill. ; |
| Dimensions | 28 cm. + |
| Accompanying material | CD-ROM. |
| 500 ## - GENERAL NOTE | |
| General note | Previous ed.: 2006. |
| 500 ## - GENERAL NOTE | |
| General note | CD-ROM attached to inside back cover. |
| 500 ## - GENERAL NOTE | |
| General note | Cover: Pearson international edition. |
| 500 ## - GENERAL NOTE | |
| General note | Includes index. |
| 538 ## - SYSTEM DETAILS NOTE | |
| System details note | Windows 2000, XP, Vista ; Macintosh OS 10.4, 10.5. |
| 650 #0 - SUBJECT ADDED ENTRY--TOPICAL TERM | |
| Topical term or geographic name as entry element | Digital electronics. |
| 9 (RLIN) | 31269 |
| 650 #0 - SUBJECT ADDED ENTRY--TOPICAL TERM | |
| Topical term or geographic name as entry element | Logic circuits. |
| 9 (RLIN) | 31270 |
| 653 ## - INDEX TERM--UNCONTROLLED | |
| Resource For college | |
| Arrived date list | November2012 |
| 942 ## - ADDED ENTRY ELEMENTS (KOHA) | |
| Source of classification or shelving scheme | Dewey Decimal Classification |
| Item type | Book - Borrowing |
| Withdrawn status | Item status | Source of classification or shelving scheme | Damaged status | Not for loan | Vendor | Home library | Current library | Shelving location | Date acquired | Source of acquisition | Total Checkouts | Full call number | Barcode | Date last seen | Koha item type | Total Renewals | Date last borrowed |
|---|---|---|---|---|---|---|---|---|---|---|---|---|---|---|---|---|---|
| Dewey Decimal Classification | Baccah | Central Library | Central Library | First floor | 06/11/2012 | 621.3815 FLO | 000027773 | 15/07/2025 | NB - Book (Non borrowing) | ||||||||
| Dewey Decimal Classification | Baccah | Central Library | Central Library | First floor | 06/11/2012 | 621.3815 FLO | 000027774 | 24/08/2022 | CD | DVD - With book | ||||||||
| Dewey Decimal Classification | Baccah | Central Library | Central Library | First floor | 06/11/2012 | 3 | 621.3815 FLO | 000027775 | 15/07/2025 | Book - Borrowing | 18 | 08/02/2018 | |||||
| Dewey Decimal Classification | Baccah | Central Library | Central Library | First floor | 06/11/2012 | 2 | 621.3815 FLO | 000027776 | 15/07/2025 | Book - Borrowing | 32 | 04/11/2017 | |||||
| Dewey Decimal Classification | Baccah | Central Library | Central Library | First floor | 06/11/2012 | 1 | 621.3815 FLO | 000027777 | 15/07/2025 | Book - Borrowing | 2 | 15/01/2018 | |||||
| Dewey Decimal Classification | Baccah | Central Library | Central Library | First floor | 06/11/2012 | 621.3815 FLO | 000027778 | 24/08/2022 | CD | DVD - With book | ||||||||
| Dewey Decimal Classification | Baccah | Central Library | Central Library | First floor | 06/11/2012 | 621.3815 FLO | 000027779 | 24/08/2022 | CD | DVD - With book | ||||||||
| Dewey Decimal Classification | Baccah | Central Library | Central Library | First floor | 06/11/2012 | 621.3815 FLO | 000027780 | 24/08/2022 | CD | DVD - With book |